Riconosci il Pokémon - Quiz n°330 - Statistics

Statistiche generali
  • Questo quiz è stato fatto 0 volte
  • Il punteggio medio è 0 su 10
Statistiche sulle risposte
Indizio Risposta % Corretto
Altezza 14,50 m
0%
Peso 398,0 kg
0%
Sesso 50% ♂, 50% ♀
0%
Tasso di cattura 60 (14.8%)
0%
Tipo Acqua
0%
Tasso di allevamento Fluttuante
0%
Abilità Idrovelo; Indifferenza; Pressione
0%
Stadio evoluzione Prima evoluzione
0%
Generazione Terza
0%
Pokémon Wailord
0%
Nessun quiz corrispondente trovato
Distribuzione punteggi
Percentuale di utenti per punteggio
Percentile per numero di risposta
I tuoi punteggi nel tempo
Non hai fatto questo quiz